Report of Commission to inquire into the Affairs of the Patna Improvement Trust, the Patna Municipal Corportion and the Patna Water Board appointed by the Government of Bihar, 1969 (Record no. 488263)

000 -LEADER
fixed length control field 00626cam a22001337a 4500
008 - FIXED-LENGTH DATA ELEMENTS--GENERAL INFORMATION
fixed length control field 180718b1970 xxu||||| |||| 00| 0 eng d
082 ## - DEWEY DECIMAL CLASSIFICATION NUMBER
Classification number B7x5413 B489
100 ## - MAIN ENTRY--PERSONAL NAME
Personal name Bihar. Commission to inquire into the Affairs of the Patna Improvement Trust, the Patna Municipal Corporation and the Patna Water Board
245 ## - TITLE STATEMENT
Title Report of Commission to inquire into the Affairs of the Patna Improvement Trust, the Patna Municipal Corportion and the Patna Water Board appointed by the Government of Bihar, 1969
260 ## - PUBLICATION, DISTRIBUTION, ETC.
Place of publication, distribution, etc. Patna
Name of publisher, distributor, etc. The author
Date of publication, distribution, etc. 1970
300 ## - PHYSICAL DESCRIPTION
Extent 179+p.
500 ## - GENERAL NOTE
General note Chairman: S.P. Varma
700 ## - ADDED ENTRY--PERSONAL NAME
Personal name Varma, S.P. (Chairman)
Holdings
Withdrawn status Lost status Damaged status Not for loan Permanent Location Current Location Date acquired Full call number Barcode Date last seen Price effective from Koha item type
        Indian Institute of Public Administration Indian Institute of Public Administration 2018-08-04 B7x5413 B489 G12128 2018-08-04 2018-08-04 G

Powered by Koha